000 00686nam a2200289Ia 4500
005 20260324145537.0
008 008 260324s9999 xx 000 0 eng d
020 _a9781315647142
037 _aEBOOK
040 _aCRL
040 _beng
040 _cCRL
041 _2eng
041 _aeng
084 _qCRL
100 _aHans H. Landsberg; Joseph M. Dukert
_91223329
245 0 _aHigh Energy Costs
245 0 _bUneven, Unfair, Unavoidable?
260 _bTaylor and Francis
260 _c1981
365 _a
365 _b115
856 _uhttp://www.taylorfrancis.com/books/9781315647142
942 _cEBOOK
999 _c1831394
_d1831394